Sports Quiz

Random Sports or Football Quiz

Toronto Blue Jays Opening Day Pre-1990 Quiz Stats

 Plays Quiz not verified by Sporcle

Support Sporcle.
Go Orange.
Score 0/130 Timer 10:00
0 Plays Today
Year Player % Correct
1989George Bell
94.5%
1988George Bell
94.4%
1987George Bell
94.4%
1986George Bell
94.4%
1985George Bell
94.4%
1984George Bell
94.4%
1986Dave Stieb
93.2%
1985Dave Stieb
93.2%
1983Dave Stieb
93.2%
1989Jesse Barfield
92.2%
1988Jesse Barfield
92.2%
1987Jesse Barfield
92.2%
1986Jesse Barfield
92.2%
1985Jesse Barfield
92.2%
1984Jesse Barfield
92.2%
1983Jesse Barfield
92.2%
1982Jesse Barfield
92.2%
1989Tony Fernandez
91.1%
1988Tony Fernandez
91.1%
1987Tony Fernandez
91.1%
1986Tony Fernandez
91.1%
1985Tony Fernandez
91.1%
1989Lloyd Moseby
89.4%
1988Lloyd Moseby
89.4%
1987Lloyd Moseby
89.4%
1986Lloyd Moseby
89.4%
1985Lloyd Moseby
89.4%
1984Lloyd Moseby
89.4%
1983Lloyd Moseby
89.4%
1982Lloyd Moseby
89.4%
1981Lloyd Moseby
89.4%
1989Ernie Whitt
86.2%
1988Ernie Whitt
86.2%
1987Ernie Whitt
86.2%
1986Ernie Whitt
86.2%
1984Ernie Whitt
86.2%
1983Ernie Whitt
86.2%
1982Ernie Whitt
86.2%
1981Ernie Whitt
86.2%
1980Ernie Whitt
86.2%
1989Fred McGriff
80.8%
1988Fred McGriff
80.8%
1987Fred McGriff
80.8%
1986Damaso Garcia
78.8%
Year Player % Correct
1985Damaso Garcia
78.8%
1984Damaso Garcia
78.8%
1983Damaso Garcia
78.8%
1982Damaso Garcia
78.8%
1981Damaso Garcia
78.8%
1980Damaso Garcia
78.8%
1977Pedro Garcia
78.2%
1989Jimmy Key
78.1%
1988Jimmy Key
78.1%
1987Jimmy Key
78.1%
1989Rance Mulliniks
72.8%
1988Rance Mulliniks
72.8%
1987Rance Mulliniks
72.8%
1986Rance Mulliniks
72.8%
1984Rance Mulliniks
72.8%
1983Rance Mulliniks
72.8%
1982Rance Mulliniks
72.8%
1987Willie Upshaw
70.8%
1986Willie Upshaw
70.8%
1985Willie Upshaw
70.8%
1984Willie Upshaw
70.8%
1983Willie Upshaw
70.8%
1982Willie Upshaw
70.8%
1981Willie Upshaw
70.8%
1984Cliff Johnson
68.2%
1983Cliff Johnson
68.2%
1984Alfredo Griffin
67.8%
1983Alfredo Griffin
67.8%
1982Alfredo Griffin
67.8%
1981Alfredo Griffin
67.8%
1980Alfredo Griffin
67.8%
1979Alfredo Griffin
67.8%
1985Garth Iorg
65.5%
1985Buck Martinez
63.9%
1984Jim Clancy
63.6%
1981Jim Clancy
63.6%
1989Manny Lee
61.7%
1982John Mayberry
59.9%
1981John Mayberry
59.9%
1980John Mayberry
59.9%
1979John Mayberry
59.9%
1978John Mayberry
59.9%
1977Doug Ault
47.8%
1986Cecil Fielder
44.4%
Year Player % Correct
1981Otto Velez
40.8%
1980Otto Velez
40.8%
1977Otto Velez
40.8%
1979Rick Cerone
39.3%
1977Rick Cerone
39.3%
1989Nelson Liriano
38%
1988Nelson Liriano
38%
1981Danny Ainge
37.6%
1980Bob Bailor
37%
1979Bob Bailor
37%
1983Dave Collins
36.1%
1978Alan Ashby
35.3%
1980Roy Howell
31.5%
1979Roy Howell
31.4%
1978Roy Howell
31.4%
1982Al Woods
30.3%
1978Al Woods
30.3%
1977Gary Woods
30.3%
1981Barry Bonnell
30.1%
1980Barry Bonnell
30.1%
1979Rico Carty
28.2%
1978Rico Carty
28.2%
1980Rick Bosetti
28.1%
1979Rick Bosetti
28.1%
1978Rick Bosetti
28.1%
1980Dave Lemanczyk
27.2%
1978Dave Lemanczyk
27.2%
1985Jeff Burroughs
26.6%
1977Bill Singer
26.3%
1988Sil Campusano
22.3%
1979Dave McKay
22.2%
1978Dave McKay
22.2%
1977Dave McKay
22.2%
1978Luis Gomez
19.6%
1979Bobby Brown
19.1%
1979Tom Underwood
18.2%
1987Mike Sharperson
15.4%
1977John Scott
15.3%
1982Mark Bomback
12.6%
1977Hector Torres
12%
1977Steve Bowling
9.7%
1978Tommy Hutton
7.2%

You're not logged in!

Compare scores with friends on all Sporcle quizzes.
OR
Log In

From the Vault

NBA 15+ Points Trios (2010s)

by sultanofswing

15 points is a lot, right? That's like five 3-pointers!
Remove Ads.
Support Sporcle.
Get the best of Sporcle when you Go Orange. This ad-free experience offers more features, more stats, and more fun while also helping to support Sporcle. Thank you for becoming a member.

Show Comments

Extras

Top Quizzes Today


Score Distribution

Your Account Isn't Verified!

In order to create a playlist on Sporcle, you need to verify the email address you used during registration. Go to your Sporcle Settings to finish the process.

Report this User

Report this user for behavior that violates our Community Guidelines.

Details: